[Event "4th Al Ain Chess Classic"]
[Site "Al-Ain UAE"]
[Date "2015.12.27"]
[Round "6.60"]
[White "Asgarova, Turan"]
[Black "Ammar, Sedrani"]
[Result "1-0"]
[BlackTitle "FM"]
[WhiteElo "1935"]
[BlackElo "1573"]
[WhiteFideId "13403451"]
[BlackFideId "9312331"]
[EventDate "2015.12.23"]

1. e4 c5 2. Nf3 Nc6 3. Bb5 e6 4. O-O Nge7 5. Re1 e5 6. c3 Ng6 7. d4 cxd4 8. cxd4
exd4 9. Nxd4 Bc5 10. Be3 Bxd4 11. Bxd4 O-O 12. Bc3 Nf4 13. Qg4 Ne6 14. Bc4 f6
15. Nd2 a6 16. Nf3 Kh8 17. Rad1 Qe7 18. a3 Qc5 19. Ba2 Ne5 20. Nxe5 fxe5 21. Qg3
Rf6 22. Rd5 Qf8 23. Rxe5 Rg6 24. Qe3 d6 25. Rf5 Qe7 26. e5 h6 27. exd6 Qxd6 28.
Re5 Nc7 29. Re8+ Nxe8 30. Qxe8+ Kh7 31. Qg8# 1-0

[Event "4th Al Ain Chess Classic"]
[Site "Al-Ain UAE"]
[Date "2015.12.27"]
[Round "6.61"]
[White "Soyunlu, Narmin"]
[Black "Tarini Goyal"]
[Result "0-1"]
[BlackTitle "WFM"]
[WhiteElo "1919"]
[BlackElo "1826"]
[WhiteFideId "13400843"]
[BlackFideId "5082749"]
[EventDate "2015.12.23"]

1. d4 d5 2. c4 e6 3. cxd5 exd5 4. Nc3 Nf6 5. Bg5 Be7 6. e3 c6 7. Bd3 Nbd7 8.
Nge2 Nh5 9. Bxe7 Qxe7 10. Qc2 g6 11. g4 Ng7 12. O-O-O Nb6 13. h3 Bd7 14. Ng3
O-O-O 15. Rhe1 h5 16. f3 hxg4 17. hxg4 Kb8 18. Qg2 Ne8 19. e4 Qg5+ 20. Kb1 Nc7
21. Bf1 Rde8 22. exd5 cxd5 23. Qf2 Qf6 24. Re2 Rxe2 25. Qxe2 Re8 26. Qd3 Nc4 27.
Be2 Qb6 28. b3 Re3 29. Nxd5 Rxd3 30. Nxb6 Rxd1+ 31. Bxd1 Nxb6 32. Ne4 Ncd5 33.
Bc2 Kc7 34. Ng5 f5 35. Kc1 fxg4 36. fxg4 Ne7 37. Bd1 Nbd5 38. Nf7 Ne3 39. Ne5
Nxd1 40. Kxd1 Be8 41. Ke2 Nc6 42. Nf3 Bd7 0-1

[Event "4th Al Ain Chess Classic"]
[Site "Al-Ain UAE"]
[Date "2015.12.27"]
[Round "6.62"]
[White "Ahmad M Saleh Alzarouni"]
[Black "Wettasinha, Vasanta"]
[Result "0-1"]
[WhiteElo "1668"]
[BlackElo "1858"]
[WhiteFideId "9302301"]
[BlackFideId "9904433"]
[EventDate "2015.12.23"]

1. d4 Nf6 2. c4 c5 3. d5 e6 4. Nc3 exd5 5. cxd5 d6 6. e4 g6 7. f3 Bg7 8. Bg5 h6
9. Be3 O-O 10. Nge2 a6 11. Nc1 b5 12. Qd2 Kh7 13. a3 Nbd7 14. Nd3 Qe7 15. Be2
Bb7 16. O-O Rfe8 17. Bf2 Rac8 18. Rae1 c4 19. Nc1 Nc5 20. Bd1 Nfd7 21. h3 Qf6
22. f4 h5 23. g4 Rg8 24. Bc2 hxg4 25. hxg4 Rh8 26. Bxc5 Rxc5 27. e5 Qh4 28. Re2
Kg8 29. g5 dxe5 30. fxe5 Bxe5 0-1

[Event "4th Al Ain Chess Classic"]
[Site "Al-Ain UAE"]
[Date "2015.12.28"]
[Round "7.2"]
[White "Pantsulaia, Levan"]
[Black "Shirov, Alexei"]
[Result "1/2-1/2"]
[WhiteTitle "GM"]
[BlackTitle "GM"]
[WhiteElo "2598"]
[BlackElo "2676"]
[WhiteFideId "13602071"]
[BlackFideId "2209390"]
[EventDate "2015.12.23"]

1. Nf3 d5 2. g3 Bg4 3. Bg2 Nd7 4. O-O Ngf6 5. d4 e6 6. Nbd2 Bd6 7. Re1 O-O 8. e4
dxe4 9. Nxe4 Nxe4 10. Rxe4 Nf6 11. Re1 c6 12. c3 Qc7 13. Qb3 Nd7 14. Ng5 Nf6 15.
Nf3 Nd7 16. Be3 e5 17. Ng5 h6 18. Ne4 exd4 19. Bxd4 Be5 20. Be3 Be6 21. Qc2 Bd5
22. c4 Bxe4 23. Bxe4 Rfe8 24. Rad1 Nf6 25. Bf3 c5 26. Re2 Rad8 27. Red2 b6 28.
Kg2 Rxd2 29. Rxd2 Rd8 30. a3 Rxd2 31. Qxd2 a5 32. b3 Qd6 33. Qxd6 Bxd6 34. Kf1
Kf8 35. Ke2 Ke7 36. h3 Be5 37. Bc1 Kd6 38. Bg2 Bd4 39. f4 Nd7 40. Be4 Nf8 41. g4
Ne6 42. Bd5 f5 43. gxf5 Nf8 44. Kd3 Nd7 45. Bf3 Nf6 46. b4 axb4 47. axb4 Ke7 48.
Bd2 Ne8 49. Be1 Kd6 50. Bd5 Nf6 51. Bf3 Ne8 52. Bh5 Nf6 53. Bg6 Nd7 54. Bd2 Ba1
55. Be8 Nf6 56. Bf7 Bd4 57. Be6 Ne8 58. Bd5 Nf6 59. bxc5+ bxc5 60. Bf3 Ne8 61.
Kc2 Ke7 62. Be1 Nd6 63. Bh4+ Kf8 64. f6 Bxf6 65. Bf2 Nxc4 66. Bxc5+ 1/2-1/2

[Event "4th Al Ain Chess Classic"]
[Site "Al-Ain UAE"]
[Date "2015.12.28"]
[Round "7.4"]
[White "Gupta, Abhijeet"]
[Black "Lalith Babu M R"]
[Result "1-0"]
[WhiteTitle "GM"]
[BlackTitle "GM"]
[WhiteElo "2613"]
[BlackElo "2553"]
[WhiteFideId "5010608"]
[BlackFideId "5024595"]
[EventDate "2015.12.23"]

1. d4 Nf6 2. c4 e6 3. Nc3 Bb4 4. e3 O-O 5. Ne2 d5 6. a3 Bd6 7. Ng3 c5 8. dxc5
Bxc5 9. b4 Be7 10. cxd5 exd5 11. Bd3 a5 12. b5 Re8 13. O-O Nbd7 14. Bb2 Nc5 15.
Nce2 Be6 16. Nf4 Bf8 17. Bc2 Rc8 18. Rc1 g6 19. Ngh5 Nxh5 20. Nxh5 gxh5 21. Qxh5
f5 22. Bxf5 Bxf5 23. Qxf5 Qd7 24. Qh5 Bg7 25. Bxg7 Kxg7 26. Rcd1 Rcd8 27. Rd4
Ne4 28. f3 Nf6 29. Qg5+ Kf7 30. Rf4 Qe6 31. e4 d4 32. Qh6 Ke7 33. Qh4 Qe5 34.
Rf5 Qe6 35. Rf4 Qe5 36. Rf5 Qe6 37. f4 d3 38. Re5 d2 39. Rd1 h5 40. Rxe6+ Kxe6
41. Qh3+ Kf7 42. e5 1-0

[Event "4th Al Ain Chess Classic"]
[Site "Al-Ain UAE"]
[Date "2015.12.28"]
[Round "7.5"]
[White "Libiszewski, Fabien"]
[Black "Pashikian, Arman"]
[Result "0-1"]
[WhiteTitle "GM"]
[BlackTitle "GM"]
[WhiteElo "2515"]
[BlackElo "2606"]
[WhiteFideId "616834"]
[BlackFideId "13301578"]
[EventDate "2015.12.23"]

1. e4 e5 2. Nf3 Nc6 3. Bb5 Nf6 4. d3 Bc5 5. Bxc6 dxc6 6. Nbd2 Nd7 7. Nc4 O-O 8.
Qe2 Re8 9. Bd2 Bd6 10. g4 Nf8 11. Ne3 Ne6 12. Nf5 c5 13. h4 b5 14. Rg1 Rb8 15.
h5 c4 16. dxc4 Qd7 17. c5 Nxc5 18. O-O-O Bb7 19. Kb1 Nxe4 20. Ng5 Nxd2+ 21. Rxd2
Qc6 22. f3 e4 23. Nxe4 Bf4 24. Rdd1 Qc4 25. Qf2 Be5 26. Rge1 Rbd8 27. Rxd8 Rxd8
28. c3 Bxe4+ 29. fxe4 b4 30. Ne7+ Kf8 31. Nd5 bxc3 32. b3 Qd3+ 33. Qc2 Qf3 34.
Qe2 Qg3 35. Rd1 Re8 36. Rd3 Qg1+ 37. Rd1 Qc5 38. Ne3 c2+ 39. Nxc2 Qc3 40. Kc1
Qb2+ 41. Kd2 Rd8+ 0-1

[Event "4th Al Ain Chess Classic"]
[Site "Al-Ain UAE"]
[Date "2015.12.28"]
[Round "7.6"]
[White "Andriasian, Zaven"]
[Black "Kovalenko, Igor"]
[Result "1/2-1/2"]
[WhiteTitle "GM"]
[BlackTitle "GM"]
[WhiteElo "2594"]
[BlackElo "2680"]
[WhiteFideId "13302000"]
[BlackFideId "14117908"]
[EventDate "2015.12.23"]

1. e4 e6 2. d4 d5 3. Nc3 Bb4 4. exd5 exd5 5. Bd3 Nf6 6. Ne2 O-O 7. O-O c6 8. h3
Re8 9. Ng3 Nbd7 10. a3 Bd6 11. Qf3 Nf8 12. Bg5 Be7 13. Rfe1 Ne6 14. Be3 g6 15.
Nce2 Bf8 16. c3 Bg7 17. Nf4 Ng5 18. Qd1 Bd7 19. Nfe2 Nge4 20. Bf4 Qb6 21. Qc2
Rac8 22. Rad1 a5 23. b4 axb4 24. axb4 Re6 25. f3 Nxg3 26. Nxg3 Rce8 27. Rxe6
Rxe6 28. Qd2 Ne8 29. Re1 Rxe1+ 30. Qxe1 Qd8 31. Qe3 h5 32. Ne2 h4 33. Kf2 Bf6
34. Be5 Ng7 35. Bxf6 Qxf6 36. Qf4 Qd8 37. Qd6 Kh7 38. b5 Kg8 39. bxc6 bxc6 40.
c4 Ne8 41. Qe5 dxc4 42. Bxc4 Bf5 43. Qc5 Qd6 44. Bb3 Bd3 45. Qxd6 Nxd6 46. Nf4
Bb1 47. Ba4 Nf5 48. Bxc6 Nxd4 49. Bd5 Kg7 50. Ne2 Nf5 51. Nc3 Bc2 52. Be4 Bxe4
53. Nxe4 1/2-1/2

[Event "4th Al Ain Chess Classic"]
[Site "Al-Ain UAE"]
[Date "2015.12.28"]
[Round "7.7"]
[White "Areshchenko, Alexander"]
[Black "Parligras, Mircea-Emilian"]
[Result "1-0"]
[WhiteTitle "GM"]
[BlackTitle "GM"]
[WhiteElo "2677"]
[BlackElo "2586"]
[WhiteFideId "14109530"]
[BlackFideId "1204297"]
[EventDate "2015.12.23"]

1. e4 e5 2. Nf3 Nc6 3. Bc4 Bc5 4. O-O Nf6 5. d3 O-O 6. Nbd2 d6 7. c3 a5 8. h3
Be6 9. b3 d5 10. exd5 Bxd5 11. Qc2 Re8 12. Re1 Qd6 13. Bb2 Rad8 14. Rad1 Bxc4
15. Nxc4 Qd5 16. Ncxe5 Nxe5 17. Rxe5 Rxe5 18. c4 Qxf3 19. gxf3 Bd4 20. Bxd4 Rxd4
21. Qc3 Rg5+ 22. Kf1 Rh4 23. Re1 Rxh3 24. Re5 Rh1+ 25. Ke2 Rgg1 26. Qxa5 h5 27.
Rg5 Rd1 28. f4 g6 29. f5 Nh7 30. Rg3 Nf8 31. Rh3 Rxh3 32. Kxd1 Rxd3+ 33. Ke2 b6
34. Qe5 Rd7 35. Kf3 gxf5 36. Qxf5 h4 37. Kg2 Rd4 38. Qg5+ Ng6 39. Qf6 Rd6 40.
Qf5 Kg7 41. b4 Rd4 42. Qc2 Ne5 43. Qc3 c5 44. bxc5 bxc5 45. a4 f6 46. a5 Rd3 47.
Qa1 h3+ 48. Kh1 Ng4 49. a6 Nxf2+ 50. Kg1 Ne4 51. a7 Rd2 52. Qe1 Rg2+ 53. Kh1
Ng3+ 54. Qxg3+ Rxg3 55. a8=Q Rg5 56. Kh2 Re5 57. Kxh3 Rg5 58. Kh4 Kf7 59. Qe4
Kg7 60. Qe7+ Kg6 61. Qf8 Rh5+ 62. Kg4 Rg5+ 63. Kf4 Rf5+ 64. Ke4 Re5+ 65. Kd3 Rg5
66. Qg8+ Kf5 67. Qf7 Rg3+ 68. Ke2 Rg2+ 69. Kf3 Rg5 70. Qe8 1-0

[Event "4th Al Ain Chess Classic"]
[Site "Al-Ain UAE"]
[Date "2015.12.28"]
[Round "7.9"]
[White "Motylev, Alexander"]
[Black "Vaibhav, Suri"]
[Result "1-0"]
[WhiteTitle "GM"]
[BlackTitle "GM"]
[WhiteElo "2653"]
[BlackElo "2552"]
[WhiteFideId "4121830"]
[BlackFideId "5045185"]
[EventDate "2015.12.23"]

1. e4 e5 2. Nf3 Nc6 3. Bb5 a6 4. Ba4 Nf6 5. O-O Be7 6. Re1 b5 7. Bb3 d6 8. c3
O-O 9. h3 Nb8 10. d4 Nbd7 11. Nbd2 Bb7 12. Bc2 Re8 13. Nf1 Bf8 14. Ng3 g6 15. a4
Bg7 16. Bd3 c6 17. Bg5 Nf8 18. Qd2 Ne6 19. Be3 Qc7 20. Red1 Rad8 21. axb5 axb5
22. Qc2 Nd7 23. Bf1 Nb6 24. Qb3 exd4 25. Nxd4 d5 26. Nxe6 Rxe6 27. Ra7 Nc8 28.
Raa1 Nd6 29. Bg5 Rde8 30. exd5 cxd5 31. Bxb5 Rb8 32. Bf1 Nc4 33. Qc2 Rb6 34. b3
Nd6 35. Rac1 Bc8 36. Bf4 Be6 37. c4 Qc5 38. cxd5 Qxc2 39. Rxc2 Bd7 40. Rc7 Rd8
41. Bc4 h6 42. Bxd6 Rxd6 43. Ne4 Rb6 44. d6 Bf5 45. Rxf7 Kh8 46. Re1 1-0

[Event "4th Al Ain Chess Classic"]
[Site "Al-Ain UAE"]
[Date "2015.12.28"]
[Round "7.10"]
[White "Malakhatko, Vadim"]
[Black "Efimenko, Zahar"]
[Result "1/2-1/2"]
[WhiteTitle "GM"]
[BlackTitle "GM"]
[WhiteElo "2531"]
[BlackElo "2647"]
[WhiteFideId "14104202"]
[BlackFideId "14107201"]
[EventDate "2015.12.23"]

1. Nf3 d6 2. d4 Nf6 3. c4 g6 4. Nc3 Bf5 5. Qb3 b6 6. g3 Bg7 7. Bg2 Nc6 8. Qa4
Bd7 9. Qd1 O-O 10. O-O a6 11. Bg5 h6 12. Bd2 e5 13. dxe5 dxe5 14. Qc1 Kh7 15.
Rd1 e4 16. Ne1 Re8 17. Nc2 Qc8 18. Nd5 Nxd5 19. cxd5 Ne5 20. Ne3 Bb5 21. Re1 f5
22. a4 Bd7 23. Qc2 c6 24. Bc3 cxd5 25. Nxd5 Qb7 26. Red1 Be6 27. Nf4 Bf7 28. h4
Rac8 29. Bh3 h5 30. Bg2 b5 31. axb5 axb5 32. Qb1 Bb3 33. Rd6 b4 34. Bxe5 Bxe5
35. Rda6 Ra8 36. Rxa8 Rxa8 37. Rxa8 Qxa8 38. Qc1 Bf7 39. Nh3 Kg7 40. Ng5 Bg8 41.
Qc5 Qb8 42. Qe7+ Kh6 43. b3 Qd6 44. Nf7+ Bxf7 45. Qxf7 e3 46. f4 Qd1+ 47. Kh2
Bg7 1/2-1/2

[Event "4th Al Ain Chess Classic"]
[Site "Al-Ain UAE"]
[Date "2015.12.28"]
[Round "7.11"]
[White "Bajarani, Ulvi"]
[Black "Kuzubov, Yuriy"]
[Result "0-1"]
[WhiteTitle "GM"]
[BlackTitle "GM"]
[WhiteElo "2551"]
[BlackElo "2640"]
[WhiteFideId "13403028"]
[BlackFideId "14112906"]
[EventDate "2015.12.23"]

1. d4 Nf6 2. c4 e6 3. Nc3 Bb4 4. Qc2 c5 5. dxc5 O-O 6. a3 Bxc5 7. Nf3 b6 8. Bf4
Bb7 9. Rd1 d5 10. cxd5 exd5 11. e3 Nbd7 12. Be2 Rc8 13. Qd2 Be7 14. Nd4 Nc5 15.
O-O Nce4 16. Nxe4 Nxe4 17. Qd3 Bf6 18. Qb1 g6 19. f3 Nc5 20. Nb5 Ba6 21. Qa2 g5
22. Rxd5 Qe7 23. b4 gxf4 24. bxc5 Qxe3+ 25. Kh1 Rxc5 26. Rxc5 bxc5 27. Bc4 Bxb5
28. Bxb5 Rd8 29. Qc2 Rd5 30. Bc4 Rd4 31. Qa2 Kg7 32. Bxf7 Qd3 33. Rg1 c4 34. Be8
Qb3 35. Qxb3 cxb3 36. Bc6 b2 37. g3 Rc4 38. Be4 Rc1 39. gxf4+ Kf7 40. Kg2 Bd4 0-1

[Event "4th Al Ain Chess Classic"]
[Site "Al-Ain UAE"]
[Date "2015.12.28"]
[Round "7.12"]
[White "Rakhmanov, Aleksandr"]
[Black "Neverov, Valeriy"]
[Result "1-0"]
[WhiteTitle "GM"]
[BlackTitle "GM"]
[WhiteElo "2640"]
[BlackElo "2516"]
[WhiteFideId "4173708"]
[BlackFideId "14100150"]
[EventDate "2015.12.23"]

1. d4 Nf6 2. c4 g6 3. Nc3 Bg7 4. e4 d6 5. Nf3 O-O 6. Be2 e5 7. O-O Na6 8. Re1
Qe8 9. Bg5 Bg4 10. h3 Bxf3 11. Bxf3 Nd7 12. Be3 exd4 13. Bxd4 Bxd4 14. Qxd4 Qe5
15. Qd2 Rfe8 16. Rad1 Nf6 17. g3 Nc5 18. Bg2 a5 19. f4 Qh5 20. Qd4 Nfd7 21. Nd5
Ne6 22. Qf2 c6 23. Nc3 Qc5 24. Qxc5 Ndxc5 25. Rxd6 Rad8 26. Red1 Rxd6 27. Rxd6
f6 28. Kf2 Kf7 29. h4 Ke7 30. Rd1 Rd8 31. Rxd8 Nxd8 32. Ke3 Nf7 33. Bf1 Nd6 34.
Bd3 f5 35. e5 Ne8 36. Be2 Ng7 37. Bf3 Nge6 38. g4 Ng7 39. Ne2 Na4 40. b3 Nc5 41.
Ng3 a4 42. bxa4 Nxa4 43. h5 fxg4 44. Bxg4 Nc3 45. h6 1-0

[Event "4th Al Ain Chess Classic"]
[Site "Al-Ain UAE"]
[Date "2015.12.28"]
[Round "7.13"]
[White "Edouard, Romain"]
[Black "Arencibia Rodriguez, Walter"]
[Result "0-1"]
[WhiteTitle "GM"]
[BlackTitle "GM"]
[WhiteElo "2627"]
[BlackElo "2501"]
[WhiteFideId "633429"]
[BlackFideId "3500012"]
[EventDate "2015.12.23"]

1. d4 Nf6 2. c4 g6 3. Nc3 Bg7 4. e4 d6 5. f3 O-O 6. Be3 Nc6 7. Nge2 a6 8. Qd2
Rb8 9. Rc1 Bd7 10. Nd1 e6 11. Nf2 Re8 12. g3 b5 13. c5 dxc5 14. Rxc5 Bf8 15. Nd3
e5 16. Rxe5 Nxe5 17. dxe5 Nh5 18. g4 Ng7 19. h4 Ne6 20. f4 b4 21. h5 Bb5 22.
Nec1 g5 23. f5 Nd4 24. Bg2 h6 25. O-O c5 26. e6 f6 27. Rd1 c4 28. Nf4 c3 29.
bxc3 bxc3 30. Qxc3 Ne2+ 31. Nfxe2 Qxd1+ 32. Kf2 Be7 33. Qd4 Qc2 34. e5 Rbd8 35.
Qc3 Rc8 36. Qxc2 Rxc2 37. Be4 Rc4 38. Ng3 fxe5 39. Kf3 Rd8 40. Nb3 Kg7 41. Bd2
Ba4 42. Ba5 Rb8 0-1

[Event "4th Al Ain Chess Classic"]
[Site "Al-Ain UAE"]
[Date "2015.12.28"]
[Round "7.14"]
[White "Hovhannisyan, Robert"]
[Black "Kovchan, Alexander"]
[Result "1/2-1/2"]
[WhiteTitle "GM"]
[BlackTitle "GM"]
[WhiteElo "2624"]
[BlackElo "2583"]
[WhiteFideId "13302507"]
[BlackFideId "14103052"]
[EventDate "2015.12.23"]

1. e4 c5 2. c3 d5 3. exd5 Qxd5 4. d4 Nc6 5. Nf3 Bf5 6. Be3 Nf6 7. Na3 e6 8. Bc4
Qe4 9. O-O cxd4 10. Nxd4 Bxa3 11. bxa3 O-O 12. Be2 Bg4 13. Nxc6 bxc6 14. Bxg4
Nxg4 15. Qd4 Qf5 16. Rad1 Nxe3 17. Qxe3 Qa5 18. c4 Rfd8 19. g3 h6 20. h4 Rab8
21. Kg2 Qa4 22. Rxd8+ Rxd8 23. Rc1 Qa5 24. Rb1 Qf5 25. Rb3 a5 26. Qf3 Qxf3+ 27.
Kxf3 Rd4 28. Rb8+ Kh7 29. Ra8 Rd3+ 30. Kg2 Rxa3 31. Rc8 Kg6 32. Rxc6 Kf6 33. c5
Rxa2 34. Ra6 Ke5 35. Ra7 Kf6 36. c6 Rc2 37. c7 a4 38. Rxa4 Rxc7 39. Ra5 Kg6 40.
Rb5 Rd7 41. Ra5 Rd4 42. Ra6 Re4 43. Rb6 f5 44. Rb7 Ra4 45. Re7 Kf6 46. Re8 Kf7
47. Rb8 f4 48. gxf4 Rxf4 49. Kg3 Re4 50. Rb5 Kf6 51. Rb8 Re5 52. Ra8 Rf5 53.
Rf8+ Kg6 54. Re8 Kf6 55. Rf8+ Ke5 56. Rg8 Rf7 57. Ra8 Rf6 58. Ra5+ Kd6 59. Ra6+
Kc5 60. Ra5+ Kc6 61. Ra6+ Kd5 62. Ra5+ Kd6 63. Ra6+ Ke7 64. Ra7+ Kf8 65. Ra8+
Kf7 66. Ra7+ Kg8 67. Ra8+ Rf8 68. Ra7 Re8 69. Rb7 Kf8 70. Ra7 Re7 71. Ra4 Rb7
72. Ra3 Kf7 73. Rf3+ Ke7 74. Ra3 Rb4 75. Ra5 Rb1 76. Ra4 Rg1+ 77. Kf3 Kf6 78.
Ra8 e5 79. Rf8+ Kg6 80. Re8 Kh5 81. Rxe5+ Kxh4 82. Ke2 g6 83. Re3 h5 84. Ra3 Kg4
85. f3+ Kg3 86. Ra5 h4 87. Rg5+ Kh2 88. Ra5 Rg2+ 89. Kf1 h3 90. Ra6 g5 91. Rg6
Kh1 92. Rg8 h2 93. Rg7 Rg3 94. Kf2 Rg1 95. Rg8 Rg2+ 96. Kf1 Rg3 1/2-1/2

[Event "4th Al Ain Chess Classic"]
[Site "Al-Ain UAE"]
[Date "2015.12.28"]
[Round "7.15"]
[White "Oleksiyenko, Mykhaylo"]
[Black "Ankit, R. Rajpara"]
[Result "1-0"]
[WhiteTitle "GM"]
[BlackTitle "GM"]
[WhiteElo "2616"]
[BlackElo "2489"]
[WhiteFideId "4152417"]
[BlackFideId "5023335"]
[EventDate "2015.12.23"]

1. e4 c6 2. d4 d5 3. e5 Bf5 4. Nf3 e6 5. Be2 Ne7 6. O-O h6 7. Nbd2 Nd7 8. Nb3
Bg6 9. a4 Nf5 10. a5 Be7 11. g4 Nh4 12. Nxh4 Bxh4 13. f4 f5 14. Bd3 O-O 15. c3
Be7 16. h3 Rc8 17. Be3 Qe8 18. Qc2 c5 19. gxf5 Bxf5 20. Bxf5 Rxf5 21. dxc5 Bxc5
22. Bxc5 Nxc5 23. Nd4 Rf8 24. Kh2 Rc7 25. Qg2 Nd3 26. f5 exf5 27. e6 Nc5 28.
Qxd5 g6 29. Nb5 Qe7 30. Nxc7 Qxc7+ 31. Kh1 Rd8 32. Qg2 Kh7 33. Rae1 1-0

[Event "4th Al Ain Chess Classic"]
[Site "Al-Ain UAE"]
[Date "2015.12.28"]
[Round "7.16"]
[White "Onischuk, Vladimir"]
[Black "Vishnu Prasanna, V"]
[Result "1/2-1/2"]
[WhiteTitle "GM"]
[BlackTitle "GM"]
[WhiteElo "2612"]
[BlackElo "2514"]
[WhiteFideId "14114038"]
[BlackFideId "5030692"]
[EventDate "2015.12.23"]

1. e4 e5 2. Nf3 Nc6 3. Bb5 a6 4. Ba4 Nf6 5. O-O Bc5 6. Nc3 O-O 7. d3 b5 8. Bb3
h6 9. Be3 Bxe3 10. fxe3 d6 11. a4 Rb8 12. axb5 axb5 13. Nd5 Nxd5 14. exd5 Ne7
15. Ra7 Bb7 16. c4 bxc4 17. dxc4 c6 18. dxc6 Nxc6 19. Ra3 Qb6 20. Bc2 Nb4 21.
Bb1 Rbc8 22. Rc3 e4 23. Nd4 d5 24. Nf5 Rxc4 25. Qg4 Qf6 26. Rxc4 dxc4 27. Bxe4
Bc8 28. Bb1 Nd3 29. Qxc4 Bxf5 30. Qb5 g6 31. Bxd3 Bxd3 32. Qxd3 Qxb2 33. Qd5 Qc3
34. Qe4 1/2-1/2

[Event "4th Al Ain Chess Classic"]
[Site "Al-Ain UAE"]
[Date "2015.12.28"]
[Round "7.17"]
[White "Gopal, G.N."]
[Black "Volkov, Sergey"]
[Result "0-1"]
[WhiteTitle "GM"]
[BlackTitle "GM"]
[WhiteElo "2525"]
[BlackElo "2612"]
[WhiteFideId "5015693"]
[BlackFideId "4122763"]
[EventDate "2015.12.23"]

1. e4 e6 2. d4 d5 3. Nc3 Nf6 4. e5 Nfd7 5. f4 c5 6. Nf3 Nc6 7. Be3 Be7 8. Qd2 b6
9. Nd1 cxd4 10. Nxd4 Nxd4 11. Bxd4 O-O 12. Bd3 f6 13. exf6 Bxf6 14. Bxf6 Qxf6
15. O-O Nc5 16. Nc3 Qd4+ 17. Kh1 Nxd3 18. cxd3 Ba6 19. Rad1 Rac8 20. Ne2 Qc5 21.
Rc1 Qb5 22. Rfd1 Rxc1 23. Qxc1 Qc5 24. Qxc5 bxc5 25. Kg1 Kf7 26. Nc3 Ke7 27. g3
Kd6 28. d4 Rb8 29. dxc5+ Kxc5 30. f5 Bc8 31. fxe6 Bxe6 32. Rd2 d4 33. Ne2 Rd8
34. Nf4 Bf5 35. h4 Kc4 36. Kf2 Bb1 37. b3+ Kc3 38. Rd1 d3 39. Ne2+ Kc2 40. Rc1+
Kb2 41. Rd1 d2 42. Ke3 Rd3+ 43. Kf2 Kc2 0-1

[Event "4th Al Ain Chess Classic"]
[Site "Al-Ain UAE"]
[Date "2015.12.28"]
[Round "7.18"]
[White "Ghosh, Diptayan"]
[Black "Adly, Ahmed"]
[Result "0-1"]
[WhiteTitle "IM"]
[BlackTitle "GM"]
[WhiteElo "2550"]
[BlackElo "2598"]
[WhiteFideId "5045207"]
[BlackFideId "10601619"]
[EventDate "2015.12.23"]

1. d4 Nf6 2. c4 e6 3. g3 d5 4. Nf3 dxc4 5. Bg2 Nbd7 6. O-O Rb8 7. Nc3 Be7 8. Qa4
a6 9. Qxc4 b5 10. Qd3 Bb7 11. Bf4 O-O 12. Rfd1 Rc8 13. Ne5 Bxg2 14. Kxg2 c5 15.
Qf3 cxd4 16. Rxd4 Nxe5 17. Rxd8 Nxf3 18. Rxf8+ Kxf8 19. Kxf3 Bb4 20. Nd1 Nd7 21.
Rc1 Ne5+ 22. Kg2 Rxc1 23. Bxc1 Nc6 24. Ne3 Nd4 25. Kf1 a5 26. b3 Nc6 27. Bb2 Bc5
28. Nc2 f5 29. e3 e5 30. Ke2 Kf7 31. f3 e4 32. Bc3 b4 33. Bb2 g6 34. Ne1 Ne7 35.
Nc2 Nd5 36. fxe4 fxe4 37. a3 Ke6 38. axb4 axb4 39. h3 Kf5 40. Bh8 h5 41. Kf2 Ke6
42. Bd4 Bd6 43. Bh8 Nc7 44. g4 hxg4 45. hxg4 Kd5 46. Ke2 Ne6 47. Bf6 Bc5 48. Kd2
Nf8 49. Ke2 Nd7 50. Bg7 Nb8 51. Bd4 Bd6 52. Bf6 Nc6 53. Nd4 Na5 54. Bd8 Nb7 55.
Bb6 Be5 56. Nc2 Kc6 57. Bd4 Bd6 58. Bf6 Na5 59. Nd4+ Kd7 60. Kd2 Bc5 61. Ne2
Nxb3+ 62. Kc2 Na5 63. Nf4 Nc4 64. Bd4 Nxe3+ 65. Bxe3 Bxe3 66. Nd5 Bc5 67. Nf6+
Ke6 68. Nxe4 Be7 69. Kd3 Ke5 70. Ke3 Bd8 71. Ng3 Bg5+ 0-1

[Event "4th Al Ain Chess Classic"]
[Site "Al-Ain UAE"]
[Date "2015.12.28"]
[Round "7.19"]
[White "Azarov, Sergei"]
[Black "Gasanov, Eldar"]
[Result "1/2-1/2"]
[WhiteTitle "GM"]
[BlackTitle "GM"]
[WhiteElo "2595"]
[BlackElo "2485"]
[WhiteFideId "13501470"]
[BlackFideId "14104466"]
[EventDate "2015.12.23"]

1. e4 e5 2. Nf3 Nc6 3. Bb5 a6 4. Ba4 Nf6 5. O-O Be7 6. Re1 b5 7. Bb3 d6 8. c3
O-O 9. h3 Nb8 10. d4 Nbd7 11. Nbd2 c5 12. Nf1 Re8 13. Bc2 Bf8 14. d5 c4 15. Be3
Qc7 16. Ng3 Nc5 17. b4 cxb3 18. axb3 Bd7 19. Ra3 a5 20. Qa1 Rec8 21. Rc1 Qd8 22.
Bxc5 Rxc5 23. b4 Rcc8 24. bxa5 Ra6 25. Nd2 g6 26. Bd3 Bh6 27. Rc2 Ra7 28. Nb3
Ne8 29. Qf1 Nc7 30. Ra1 Rb8 31. c4 bxc4 32. Bxc4 Rba8 33. Qe2 Bg5 34. Nf1 Qe8
35. Nfd2 Na6 36. Bxa6 Rxa6 37. Nc4 Bd8 38. Qe3 Rb8 39. Nbd2 Kg7 40. f4 exf4 41.
Qxf4 Bf6 42. Rf1 Qe7 43. Nb6 Rxa5 44. Nxd7 Bd4+ 45. Kh1 Qxd7 46. Nf3 Bf6 47. e5
dxe5 48. Nxe5 Qd6 49. Qh6+ Kxh6 50. Nxf7+ Kg7 51. Nxd6 Be5 52. Nc4 Rxd5 53. Nxe5
Rxe5 54. Rc7+ Kh8 55. Rff7 Rh5 56. Kh2 g5 57. Rf5 Rg8 58. Rcc5 Rh6 59. Rxg5 Rxg5
60. Rxg5 Ra6 61. Kg3 h6 62. Rg4 Kh7 63. Kh4 Ra2 64. g3 Ra6 65. Rb4 Kg6 66. Rb3
h5 67. Rb4 Rc6 1/2-1/2

[Event "4th Al Ain Chess Classic"]
[Site "Al-Ain UAE"]
[Date "2015.12.28"]
[Round "7.20"]
[White "Amin, Bassem"]
[Black "Visakh N R"]
[Result "1-0"]
[WhiteTitle "GM"]
[BlackTitle "IM"]
[WhiteElo "2665"]
[BlackElo "2388"]
[WhiteFideId "10601457"]
[BlackFideId "25012223"]
[EventDate "2015.12.23"]

1. Nf3 Nf6 2. g3 d5 3. Bg2 c6 4. c4 g6 5. b3 Bg7 6. Bb2 O-O 7. d3 a5 8. O-O Na6
9. cxd5 cxd5 10. Nc3 Bg4 11. Ne5 Be6 12. Qd2 Nd7 13. Nf3 Nb6 14. Nb5 Bxb2 15.
Qxb2 f6 16. Qd2 Bd7 17. Nc3 e5 18. Rfc1 Bc6 19. Nd1 a4 20. b4 Nc7 21. a3 Nb5 22.
Nc3 Nd6 23. Qa2 Kg7 24. Nd2 d4 25. Nce4 Nxe4 26. Bxe4 Bd5 27. Bxd5 Qxd5 28. Rc7+
Rf7 29. Qc2 Qd8 30. Rc1 Nd5 31. Rxf7+ Kxf7 32. Ne4 b6 33. Qc6 Kg7 34. Qb7+ Kh6
35. Rc6 Rb8 36. Qf7 Qg8 37. Qxg8 Rxg8 38. Nxf6 Nxf6 39. Rxf6 Rc8 40. Rxb6 Rc2
41. Kf1 Rc3 42. Re6 Rxa3 43. Rxe5 Rb3 44. Rb5 Rb2 45. f4 Kg7 46. Rb6 h5 47. b5
h4 48. gxh4 a3 49. Ra6 a2 50. Kf2 Kh7 51. Kf3 Kg7 52. b6 Kh6 53. b7 Kh5 54. Ra5+
Kh6 55. Rxa2 Rxb7 56. Ra6 1-0